000 00625nam a2200205Ia 4500
003 GCL
008 140319s9999 xx 000 0 ara d
040 _aGCL /
_cGCL
082 0 4 _a823.5
_bب ن
100 1 _aابراهيم موسى
245 1 0 _aنار على الجليد (هدية من الاديب عبدالفتاح الجمل) /
_cابراهيم موسى
700 1 _aبوكان، لورا
700 1 _aالان، وجيرى
300 _a368 ص
490 _a
650 0 4 _aالادب
650 0 4 _aالادب الانجليزى
650 0 4 _aالادب الانجليزى المترجم
942 _2ddc
_cBK
999 _c41123
_d41123